Catálogo

Materials research society symposium proceedings / (Registro nro. 5356)

Detalles MARC
000 -LEADER
fixed length control field 01454cam a2200313 i 4500
001 - CONTROL NUMBER
control field 5356
003 - CONTROL NUMBER IDENTIFIER
control field Mx-PuUPA
005 - DATE AND TIME OF LATEST TRANSACTION
control field 20200817134605.0
008 - FIXED-LENGTH DATA ELEMENTS--GENERAL INFORMATION
fixed length control field 140415s1992 maua r 000 0 spa d
020 ## - INTERNATIONAL STANDARD BOOK NUMBER
International Standard Book Number 1558991514 (t.257)
020 ## - INTERNATIONAL STANDARD BOOK NUMBER
International Standard Book Number 1558992324 (t.333)
040 ## - CATALOGING SOURCE
Original cataloging agency MX-PuUPA
Language of cataloging spa
Description conventions rda
Transcribing agency Mx-PuUPA
Modifying agency Mx-PuUPA
041 0# - LANGUAGE CODE
Language code of text/sound track or separate title spa
245 00 - TITLE STATEMENT
Title Materials research society symposium proceedings /
Statement of responsibility, etc. editores, Claude G. Sombret, Aaron Barkatt, Richard A. Van konynenburg.
264 #1 - PRODUCTION, PUBLICATION, DISTRIBUTION, MANUFACTURE, AND COPYRIGHT NOTICE
Place of production, publication, distribution, manufacture Massachusetts :
Name of producer, publisher, distributor, manufacturer Materials Research Society,
Date of production, publication, distribution, manufacture, or copyright notice 1992
300 ## - PHYSICAL DESCRIPTION
Extent 2 volúmenes (paginación varia) ;
Dimensions 24 cm.
336 ## - CONTENT TYPE
Content type term texto
Fuente rdacontent
Content type code txt
337 ## - MEDIA TYPE
Media type term sin medio
Source rdamedia
Media type code n
338 ## - CARRIER TYPE
Carrier type term volumen
Source rdacarrier
Carrier type code nc
490 0# - SERIES STATEMENT
Series statement Materials Research Society Symposium Procedings
505 8# - FORMATTED CONTENTS NOTE
Miscellaneous information v. 1.
Title Scientific basis for nuclear waste management XV : symposium held November 4-7, 1991, Strasbourg, France / editor Claud G. Sombret -
Miscellaneous information v. 2.
Title Scientific basis for nuclear waste management XVII : symposium held November 29- December 3, 1993, Boston, Massachusetts / editores, Aaron Barkatt, Richard A. Van Konynenburg.
650 #4 - SUBJECT ADDED ENTRY--TOPICAL TERM
Topical term or geographic name entry element Disposición de residuos radioactivos
Form subdivision Congresos
650 #4 - SUBJECT ADDED ENTRY--TOPICAL TERM
Topical term or geographic name entry element Materiales ópticos
Form subdivision Congresos
700 1# - ADDED ENTRY--PERSONAL NAME
Personal name Sombret, Claude G.,
Relator term editor
700 1# - ADDED ENTRY--PERSONAL NAME
Personal name Barkatt, Aaron,
Relator term editor
700 1# - ADDED ENTRY--PERSONAL NAME
Personal name Van Konynenburg, Richard A.,
Relator term editor
942 ## - ADDED ENTRY ELEMENTS (KOHA)
Source of classification or shelving scheme Dewey Decimal Classification
Koha item type Libro
Classification part 621.4838
Item part M425
Existencias
Withdrawn status Lost status Source of classification or shelving scheme Damaged status Not for loan Collection code Home library Current library Shelving location Date acquired Source of acquisition Serial Enumeration / chronology Total Checkouts Full call number Barcode Date last seen Price effective from Koha item type
    Dewey Decimal Classification     General Biblioteca Karol Wojtyla Biblioteca Karol Wojtyla Sala general 07/08/2017 Compra v.333   621.4838 M425 1992 5978 05/01/2026 07/08/2017 Libro
    Dewey Decimal Classification     General Biblioteca Karol Wojtyla Biblioteca Karol Wojtyla Sala general 03/12/2013 Compra v.257   621.4838 M425 1992 1710 05/01/2026 07/08/2017 Libro